| 000 | 01194nam a2200277Ia 4500 | ||
|---|---|---|---|
| 999 |
_c4389 _d4389 |
||
| 003 | OSt | ||
| 005 | 20200605140732.0 | ||
| 008 | 191128s9999 xx 000 0 und d | ||
| 020 | _a9789877513080 | ||
| 040 |
_aCO-JMCR _cCO-JMCR |
||
| 041 | _aspa | ||
| 082 |
_aC / _bSUAc |
||
| 100 |
_aSuárez, Patricia, autora _95029 |
||
| 245 | 0 | _a101 cuentos de animales / | |
| 245 | 0 | _cPatricia Suárez, Liza Porcelli Piussi, Delia Maunás, Aidé Andreone | |
| 250 | _aPrimera edición | ||
| 260 | _aBuenos Aires | ||
| 260 | _bEl gato de hojalata | ||
| 260 | _c2017 | ||
| 300 | _a107 páginas | ||
| 300 | _b ilustraciones a color, 21 cm. | ||
| 505 | _aAbrazo de oso -- El galán de la selva -- El chiste de la lechuza -- Eco en la selva -- Cómo despertar un hipopótamo -- Una pelea justa -- Piedra libre -- De la patagonia a África -- El tigre liso -- Baile bajo el mar -- Competencia en el Ártico | ||
| 520 | _aSi un cuento se les cruza por delante, ¡no se asusten!, es mejor darle la mano y leerlo con los ojos bien abiertos, para que no se ofenda. Si lo leen en voz alta, crecerá tanto que ya no entrará en las hojas. | ||
| 650 |
_aCuentos infantiles _95032 |
||
| 942 |
_2ddc _cBK |
||